Sandwiched Countries - Statistics

General Stats
  • This quiz has been taken 59 times
  • The average score is 4 of 7
Answer Stats
Answer % Correct
Liechtenstein
91%
Andorra
68%
Nepal
66%
Bhutan
64%
Eswatini
55%
Mongolia
49%
Moldova
34%
No matching quizzes found
Score Distribution
Percent of People with Each Score
Percentile by Number Answered
Your Score History
You have not taken this quiz